000 00512nam a2200169Ia 4500
008 090201s9999 xx 000 0 und d
010 _aKPL-59518
040 _bमराठी
041 _aमराठी
082 _a38148
_b59518
100 _aअभय परांजपे
245 _aसोंगाडया
_cअभय परांजपे
260 _c2004
_bसुरूची प्रकाशन
300 _a169
_bमोठा
600 _aसोंगाडया
942 _cBOOK
999 _c235753
_d235753